000 00587cab a2200193 4500
001 WB2603-17
008 090401t1990 xxu||||| |||| 00| 0 eng d
035 _a(Sirsi) u57707
041 _aeng
245 _aNew campaign to stop hedge loss
260 _c1990
350 _a0
490 _aCP
_vRE Press Release no 2/90 10 January 1990 4 pages
490 _aDaily Telegraph
_v17/1/90 p8(5)
520 _aThe CPRE has published a free leaflet on hedges as part of its campaign to secure better laws and grants to protect them.
690 _aCON
942 _n0
948 _c04/03/1997
999 _c35216
_d35216